000 00547nam a22001817a 4500
003 BD-DhUL
005 20170823161844.0
008 170320s2006 ua ||||| |||| 00| 0 ara d
040 _aBD-DhUL
_cBD-DhUL
082 _a892.71
_bSHW
100 1 _aالشبراوی، زکی
245 1 0 _aوکنت عشقا /
_cزکی الشبراوی
260 _aالقاھرۃ :
_bالھیئۃ المسریۃ العامۃ للکتاب،
_c۔۲۰۰۶
300 _aص۔ ۸۱ ؛
_c۱۹ سم۔
365 _aBDT
_b50
650 0 _aArabic poetry
942 _2ddc
_cBK
999 _c213755
_d213755